[Event "12th Mediterranean Flower WGM"]
[Site "Rijeka CRO"]
[Date "2012.03.04"]
[Round "2.3"]
[White "Partac,E"]
[Black "Berke,A"]
[Result "0-1"]
[WhiteElo "2086"]
[BlackElo "2159"]

1.e4 c5 2.Nf3 Nc6 3.Bb5 e6 4.O-O Nge7 5.Bxc6 Nxc6 6.d4 cxd4 7.Nxd4 Qb6 8.Nb3 Be7
9.Nc3 O-O 10.Re1 d6 11.Bf4 Rd8 12.Qh5 Nb4 13.Re2 Bd7 14.Rd1 Rac8 15.Re3 g6
16.Qh6 Bf8 17.Qh4 d5 18.Rh3 h5 19.Rg3 Bg7 20.Bg5 Re8 21.Bf6 Bxf6 22.Qxf6 Qd8
23.Qxd8 Rexd8 24.a3 Nxc2 25.Rd2 dxe4 26.Rxc2 Ba4 27.h4 Bxb3 28.Re2 Rd3 29.Nxe4 Rxg3
30.Nxg3 Rc1+ 31.Kh2 Rc2 32.Rxc2 Bxc2 33.Ne2 Kg7 34.Kg3 Kf6 35.Kf4 e5+ 36.Ke3 Ba4
37.f4 Bc6 38.g3 Kf5 39.fxe5 Kxe5 40.Nf4 Kf5 41.Nd3 f6 42.Nf4 Be8 43.Nd5 g5
44.hxg5 fxg5 45.Kf2 Bc6 46.Ne3+ Ke4 47.Nc4 h4 48.gxh4 gxh4 49.Ne3 Kd3 50.Nf5 h3
51.Kg3 Bg2 52.b4 Kc3 53.Kh2 Kb3 54.Nd4+ Ka4 55.Nc2 a6 56.Kg3 Kb3 57.Nd4+ Kxa3
58.b5 a5  0-1

[Event "PriFO Champ RUS 2012"]
[Site "Tolyatti RUS"]
[Date "2012.03.04"]
[Round "7.10"]
[White "Bronnikov,K1"]
[Black "Glidzhain,G"]
[Result "1/2-1/2"]
[WhiteElo "2256"]
[BlackElo "2381"]

1.e4 c5 2.Nf3 Nc6 3.Bb5 d6 4.O-O Bd7 5.c3 Nf6 6.Re1 a6 7.Bf1 Bg4 8.h3 Bxf3
9.Qxf3 g6 10.a4 Bg7 11.Na3 O-O 12.Nc4 Nd7 13.Ne3 Rb8 14.Qg3 b5 15.Nd5 Re8
16.axb5 axb5 17.d3 b4 18.Bg5 bxc3 19.bxc3 Qc8 20.Qh4 e6 21.Nf6+ Nxf6 22.Bxf6 Rb3
23.Rec1 h6 24.Bxg7 Kxg7 25.d4 cxd4 26.cxd4 Qb7 27.d5 exd5 28.exd5 Ne5 29.Qd4 Rb4
30.Qc3 Rb3 31.Qa5 Re7 32.Qd8 Rd7 33.Qa5 Rc7 34.Qa6 Qxd5 35.Rd1 Qc5 36.Qxd6 Qxd6
37.Rxd6  1/2-1/2

[Event "PriFO Champ RUS 2012"]
[Site "Tolyatti RUS"]
[Date "2012.03.05"]
[Round "8.7"]
[White "Kalegin,E"]
[Black "Pasiev,R"]
[Result "1/2-1/2"]
[WhiteElo "2462"]
[BlackElo "2312"]

1.e4 c5 2.Nf3 Nc6 3.Bb5 g6 4.Bxc6 dxc6 5.d3 Bg7 6.Nbd2 e5 7.Nc4 Qe7 8.h3 f6
9.Be3 Nh6 10.Qd2 Nf7 11.a3 Be6 12.b4 cxb4 13.axb4 Bxc4 14.dxc4 Nd6 15.Qd3 f5
16.Nd2 O-O 17.O-O a6 18.f3 Rad8 19.Qe2 Qh4 20.Bf2 Qh5 21.Rad1 fxe4 22.Nxe4 Nxe4
23.Qxe4 Qf5 24.Be3 Qxe4 25.fxe4 Rxf1+ 26.Rxf1 Bf8 27.Rb1 Rd7 28.Kf2 Kf7 29.Ke2 Ke6
30.c5 h5 31.c4 Rc7 32.Kd3 Rd7+ 33.Kc3 Rc7 34.Rf1 Rf7 35.Rxf7 Kxf7 36.Bg5 a5
37.bxa5 Bxc5 38.Bd8 Ke6 39.Kb3 Kd7 40.Bf6 Ke6 41.Bg7 Be7 42.Bh6 Bc5 43.Bd2 Kd7
44.Bc3 Ke6 45.Ka4 Bd4 46.Bd2 Kd6 47.Bb4+ Kd7 48.Bd2  1/2-1/2

[Event "PriFO Champ RUS 2012"]
[Site "Tolyatti RUS"]
[Date "2012.03.05"]
[Round "8.1"]
[White "Mokshanov,A"]
[Black "Predke,A"]
[Result "1/2-1/2"]
[WhiteElo "2384"]
[BlackElo "2467"]

1.e4 c5 2.Nf3 Nc6 3.Bb5 d6 4.Bxc6+ bxc6 5.O-O e5 6.c3 f5 7.exf5 Bxf5 8.d4 cxd4
9.cxd4 e4 10.Nfd2 Nf6 11.Nc3 Be7 12.f3 exf3 13.Nxf3 O-O 14.Qb3+ Kh8 15.Ng5 Qd7
16.d5 c5 17.Ne6 Rfb8 18.Qc4 Bxe6 19.dxe6 Qc6 20.Qe2 d5 21.Bg5 d4 22.Bxf6 gxf6
23.Ne4 Qxe6 24.Rae1 f5 25.Qh5 Qg6 26.Qxf5 Qxf5 27.Rxf5 Rxb2 28.Nxc5 Bxc5
29.Rxc5 d3 30.Rd5 d2 31.Rd1 Rxa2 32.R1xd2 Rxd2 33.Rxd2 a5 34.Kf2 a4 35.Ra2 a3
36.Ke3 Kg7 37.Kd3 Kf6 38.Kc3 Ke5 39.Kb3 Kd4 40.Rxa3 Rxa3+ 41.Kxa3 Ke3 42.Kb3 h5
43.h4 Kf2 44.Kc3 Kxg2 45.Kd2 Kg3 46.Ke2 Kxh4 47.Kf2 Kh3 48.Kg1  1/2-1/2

[Event "PriFO Champ RUS 2012"]
[Site "Tolyatti RUS"]
[Date "2012.03.05"]
[Round "8.27"]
[White "Khairullin,A"]
[Black "Volodin,I"]
[Result "1/2-1/2"]
[WhiteElo "1998"]
[BlackElo "2295"]

1.e4 c5 2.Nf3 Nc6 3.Bb5 g6 4.Bxc6 dxc6 5.d3 Bg7 6.h3 Nf6 7.O-O Nd7 8.Nc3 e5
9.Be3 Qe7 10.Qd2 h6 11.Nh2 Nf8 12.Ne2 Ne6 13.Rab1 Nd4 14.Ng3 Be6 15.c3 Bxa2
16.Rbe1 Be6 17.cxd4 cxd4 18.Bxd4 exd4 19.f4 Qc7 20.f5 Qxg3 21.fxe6 O-O 22.exf7+ Rxf7
23.Rxf7 Kxf7 24.Rf1+ Kg8 25.Rf3 Qd6 26.Ng4 Rf8 27.e5 Bxe5 28.Rxf8+ Kxf8 29.Nxe5 Qxe5
30.Qxh6+ Kf7 31.Qh7+ Qg7 32.Qh4 c5 33.Qf4+ Qf6 34.Qb8 Qb6 35.Qf4+ Qf6 36.Qb8 Qe7
37.Qxa7 Qe3+ 38.Kh2 Qf4+ 39.Kg1 Qc1+ 40.Kh2 Qf4+ 41.Kg1 Qe3+  1/2-1/2

[Event "2nd HD Bank Cup 2012"]
[Site "Ho Chi Minh City VIE"]
[Date "2012.03.06"]
[Round "8.5"]
[White "Nolte,R"]
[Black "Nguyen Van Huy"]
[Result "1/2-1/2"]
[WhiteElo "2456"]
[BlackElo "2485"]

1.e4 c5 2.Nf3 Nc6 3.Bb5 g6 4.O-O Bg7 5.c3 Nf6 6.Re1 O-O 7.d4 cxd4 8.cxd4 d5
9.e5 Ne4 10.Bxc6 bxc6 11.Nbd2 Nxd2 12.Nxd2 c5 13.Nb3 cxd4 14.Nxd4 Qc7 15.Bf4 Bd7
16.Qd2 Qb6 17.b3 a5 18.a4 Rfc8 19.h3 e6 20.Bg5 Bf8 21.Bf6 Qb4 22.Qf4 Rc3
23.Re3 Rac8 24.Kh2 Be8 25.Rd1 Rc1 26.Rdd3 Re1 27.Rxe1 Qxe1 28.Qd2 Qxd2 29.Rxd2 Bb4
30.Rd1 h6 31.f4 Rc3 32.Bh4 Bc5 33.Be1 Bxd4 34.Rxd4 Rxb3 35.Bxa5 Ra3 36.Rb4 Kg7
37.Bd8 Rxa4 38.Rxa4 Bxa4  1/2-1/2

[Event "Tel Aviv GM"]
[Site "Tel Aviv ISR"]
[Date "2012.03.06"]
[Round "8"]
[White "Givon,A"]
[Black "Gladyszev,O"]
[Result "1/2-1/2"]
[WhiteElo "2329"]
[BlackElo "2458"]

1.e4 c5 2.Nf3 Nc6 3.Bb5 g6 4.O-O Bg7 5.Re1 Nf6 6.e5 Nd5 7.Nc3 Nc7 8.Bxc6 dxc6
9.Ne4 b6 10.Nf6+ Kf8 11.Ne4 Bg4 12.d3 Ne6 13.Ned2 Bh6 14.Re4 Bxf3 15.Nxf3 Bxc1
16.Qxc1 Kg7 17.Qe3 Qd7  1/2-1/2

[Event "Magistral Edith Soppe 2012"]
[Site "La Punta ARG"]
[Date "2012.03.07"]
[Round "8"]
[White "Martinez,Ay"]
[Black "Amura,C"]
[Result "0-1"]
[WhiteElo "2101"]
[BlackElo "2328"]

1.e4 c5 2.Nf3 Nc6 3.Bb5 Nf6 4.e5 Nd5 5.Nc3 Nc7 6.Bxc6 dxc6 7.d3 g6 8.O-O Bg7
9.Ne4 Ne6 10.Be3 b6 11.a4 a5 12.Qe2 O-O 13.Qd2 Re8 14.Bh6 Bh8 15.Rae1 Nd4
16.Qf4 Nxf3+ 17.Qxf3 Qd5 18.c4 Qxe5 19.Bf4 Qd4 20.Nd6 Bg4 21.Qxc6 Qxf4 22.Nxe8 Rc8
23.Qe4 Qxe4 24.Rxe4 Be6 25.b3 Rxe8 26.Rfe1 Rd8 27.Rd1 Bf6 28.g4 h5 29.gxh5 Bf5
30.Re3 gxh5 31.Rg3+ Kf8 32.Kf1 h4 33.Re3 Bg5 34.Re5 e6 35.d4 Bf4 36.Rxf5 exf5
37.d5 Bxh2 38.Kg2 Bd6 39.Rh1 Kg7 40.Rxh4 Rh8  0-1

[Event "Zagreb Open A"]
[Site "Zagreb CRO"]
[Date "2012.03.08"]
[Round "4.18"]
[White "Petrusic,T"]
[Black "Djurovic,G"]
[Result "0-1"]
[WhiteElo "2251"]
[BlackElo "2361"]

1.e4 c5 2.Nf3 Nc6 3.Bb5 g6 4.Bxc6 dxc6 5.h3 Bg7 6.e5 Nh6 7.O-O O-O 8.Re1 Nf5
9.c3 Qd3 10.Qe2 Rd8 11.g4 Nh6 12.Qxd3 Rxd3 13.Re3 Rxe3 14.fxe3 f6 15.exf6 exf6
16.d4 Bf8 17.e4 Bd7 18.Bf4 Nf7 19.Kg2 a5 20.Nbd2 a4 21.Re1 cxd4 22.Nxd4 c5
23.N4f3 Bc6 24.Kf2 Rd8 25.Re2 b5 26.h4 Be7 27.Nf1 Nd6 28.Ng3 Nc4 29.g5 Rd1
30.b3 axb3 31.axb3 Na3 32.Ra2 b4 33.cxb4 cxb4 34.Rd2 Rxd2+ 35.Nxd2 Nc2 36.Ne2 Bc5+
37.Kg3 Bb5 38.Ng1 fxg5 39.Ngf3 gxf4+ 40.Kxf4 Be3+ 41.Ke5 Be2 42.Kd6 Ne1  0-1

[Event "TCh-CAT 2012"]
[Site "Catalunya ESP"]
[Date "2012.03.10"]
[Round "7.1"]
[White "Oratovsky,M"]
[Black "Bruzon Batista,L"]
[Result "0-1"]
[WhiteElo "2521"]
[BlackElo "2691"]

1.e4 c5 2.Nf3 Nc6 3.Bb5 e6 4.Bxc6 bxc6 5.d3 Ne7 6.h4 d6 7.e5 Nf5 8.Nc3 Rb8
9.exd6 Bxd6 10.Ne4 Be7 11.b3 f6 12.O-O O-O 13.Ba3 Qa5 14.Qc1 e5 15.Re1 Rb7
16.Bb2 Nd4 17.Nfd2 Be6 18.a3 Qd8 19.a4 Bd5 20.Ba3 f5 21.Nxc5 Bxh4 22.Nxb7 Bxf2+
23.Kxf2 Qh4+ 24.Kg1 Qg3 25.Re4 fxe4 26.Qe1 Qg4 27.dxe4 Ne2+ 28.Qxe2 Qxe2
29.Bxf8 Qxd2 30.exd5 Qd4+ 31.Kh2 Qxa1 32.d6 Qd4 33.Be7 e4 34.Na5 Qe5+ 35.Kg1 e3  0-1

[Event "TCh-CAT 2012"]
[Site "Catalunya ESP"]
[Date "2012.03.10"]
[Round "7.9"]
[White "Garrido Fernandez,Dan"]
[Black "Flores de Paco,D"]
[Result "1-0"]
[WhiteElo "2250"]
[BlackElo "2082"]

1.e4 c5 2.Nf3 Nc6 3.Bb5 Na5 4.c3 a6 5.Ba4 b5 6.Bc2 e6 7.d4 cxd4 8.cxd4 Nf6
9.O-O Bb7 10.Re1 Qc7 11.Bg5 Rc8 12.Bd3 Be7 13.Nbd2 h6 14.Bh4 O-O 15.e5 Nd5
16.Bxe7 Nxe7 17.Ne4 Bxe4 18.Rxe4 Nc4 19.Qe2 Nd5 20.Rg4 f5 21.exf6 Nxf6 22.Rg6 Nd6
23.Qe3 Nf7 24.Ne5 Ng5 25.h4 Nd5 26.Qg3 Nf4 27.hxg5 Nxg6 28.Bxg6 Qd6 29.gxh6 Qxd4
30.Bh7+  1-0

[Event "TCh-FIN SM-Liiga 2011-12"]
[Site "Helsinki FIN"]
[Date "2012.03.10"]
[Round "10.1"]
[White "Kauppila,O"]
[Black "Hurme,H"]
[Result "1/2-1/2"]
[WhiteElo "2293"]
[BlackElo "2258"]

1.e4 c5 2.Nf3 Nc6 3.Bb5 g6 4.O-O Bg7 5.c3 Nf6 6.Qa4 O-O 7.d4 cxd4 8.cxd4 d5
9.e5 Nd7 10.Bxc6 Nb6 11.Qa5 bxc6 12.Bf4 Nd7 13.Qxd8 Rxd8 14.Rc1 Bb7 15.Nbd2 Rdc8
16.Nb3 a5 17.a4 Ra6 18.Bd2 Rca8 19.Ne1 e6 20.Nd3 Bf8 21.Rc2 h6 22.h4 Kg7
23.f3 Be7 24.g3 g5 25.hxg5 hxg5 26.Kf2 R6a7 27.Rh1 Nb6 28.Nbc5 Ba6 29.b3 Bxd3
30.Nxd3 Nd7 31.Rxc6 Rb7 32.Rb1 Kg6 33.Ke3 Bd8 34.Nc1 Nb8 35.Rc8 Be7 36.Ne2 Kg7
37.Nc3 Ra6 38.Nb5 Nc6 39.Rc1 Nb4 40.Bxb4 Bxb4 41.Nc7 Rab6 42.Ne8+ Kg6 43.Nf6 Rb8
44.Nd7 Rxc8 45.Rxc8 Rb7 46.Nf6 Be7 47.Rg8+ Kh6 48.Rh8+ Kg7 49.Rg8+  1/2-1/2

[Event "TCh-NED Meesterklasse 2011-12"]
[Site "Netherlands NED"]
[Date "2012.03.10"]
[Round "7.5"]
[White "Cuijpers,F"]
[Black "Kuipers,S"]
[Result "1-0"]
[WhiteElo "2435"]
[BlackElo "2381"]

1.e4 c5 2.Nf3 Nc6 3.Bb5 d6 4.O-O Bd7 5.Nc3 Nf6 6.Re1 a6 7.Bxc6 Bxc6 8.d4 cxd4
9.Qxd4 e6 10.Bg5 Be7 11.Rad1 O-O 12.Rd3 Qc7 13.Bxf6 Bxf6 14.Qxd6 Qxd6 15.Rxd6 Bxc3
16.bxc3 Rfc8 17.Re3 Ba4 18.Nd4 e5 19.Nf5 Rd8 20.Red3 Rxd6 21.Rxd6 Bxc2 22.f3 Ba4
23.Rb6 Rb8 24.Kf2 Kf8 25.Nd6 Rd8 26.Ke3 Ke7 27.Nc4 f6 28.Rxb7+ Kf8 29.Nb6 Bc2
30.Nd5 f5 31.g3 fxe4 32.fxe4 a5 33.c4 Rc8 34.Nb6 Re8 35.c5 Re6 36.Rc7 a4
37.a3 Re7 38.Rc8+ Kf7 39.Nd5  1-0

[Event "83rd ch-GER 2012"]
[Site "Osterburg GER"]
[Date "2012.03.10"]
[Round "9"]
[White "Reipsch,J"]
[Black "Kabisch,T"]
[Result "1-0"]
[WhiteElo "2217"]
[BlackElo "2319"]

1.e4 c5 2.Nf3 Nc6 3.Bb5 Qc7 4.O-O e6 5.c3 a6 6.Bxc6 Qxc6 7.Re1 Nf6 8.d3 Be7
9.Bg5 h6 10.Bh4 b5 11.Nbd2 Bb7 12.c4 d6 13.Nb3 g5 14.Bg3 e5 15.Na5 Qb6 16.Nxb7 Qxb7
17.Qe2 O-O-O 18.b4 cxb4 19.cxb5 Qxb5 20.a3 b3 21.a4 Qb7 22.d4 g4 23.Nd2 exd4
24.Nxb3 Qxb3 25.Qxa6+ Kd7 26.Rab1 Qc3 27.Rec1 Rb8 28.Rb7+ Rxb7 29.Qxb7+ Ke6
30.Rxc3 dxc3 31.Qb3+ Kd7 32.Qb5+ Kc7 33.e5 Nd7 34.exd6+ Bxd6 35.Qc4+ Kb7
36.Bxd6 Rc8 37.Qb5+ Nb6 38.a5 Rc6 39.a6+  1-0

[Event "TCh-SVK Extraliga 2011-12"]
[Site "Slovakia SVK"]
[Date "2012.03.10"]
[Round "10.8"]
[White "Zetocha,C"]
[Black "Najgebauer,S"]
[Result "1/2-1/2"]
[WhiteElo "2355"]
[BlackElo "2214"]

1.e4 c5 2.Nf3 Nc6 3.Bb5 g6 4.O-O Bg7 5.Re1 a6 6.Bf1 Nf6 7.c3 O-O 8.h3 e5
9.d4 exd4 10.e5 Nd5 11.cxd4 cxd4 12.Nxd4 d6 13.Nxc6 bxc6 14.exd6 Qxd6 15.Nd2 Bf5
16.Nc4 Qc7 17.Bd2 a5 18.Rc1 a4 19.Qf3 Be6 20.Qa3 Rfd8 21.Bg5 Rdb8 22.Bh4 Qb7
23.Bg3 Rd8 24.Be5 Bxe5 25.Nxe5 Rdc8 26.Re4 Qe7 27.Qc5 Qxc5 28.Rxc5 Nf6 29.Rf4 Nh5
30.Rb4 Bxa2 31.Nxc6 Kg7 32.Ra5 Rxa5 33.Nxa5 Rc2 34.Bd3 Rd2 35.Bc4 Rd4 36.Rxa4 Bb1
37.Ra1 Be4 38.g3 Nf6 39.Re1 Rd2 40.b4 Bf3 41.Nb3 Rb2 42.b5 Bd5 43.Bxd5 Nxd5
44.Nd4 Nc3 45.Re5 Rb4 46.Rc5 Na4 47.Rd5 Nc3 48.Rc5 Na4  1/2-1/2

[Event "TCh-SVK Extraliga 2011-12"]
[Site "Slovakia SVK"]
[Date "2012.03.10"]
[Round "10.6"]
[White "Lanc,A"]
[Black "Salai,L"]
[Result "1/2-1/2"]
[WhiteElo "2367"]
[BlackElo "2355"]

1.e4 c5 2.Nf3 Nc6 3.Bb5 g6 4.Bxc6 dxc6 5.d3 Bg7 6.h3 e5 7.Be3 Qe7 8.Qd2 Nf6
9.Nc3 Nd7 10.Bh6 f6 11.Bxg7 Qxg7 12.Nh2 Nf8 13.f4 exf4 14.Qxf4 Ne6 15.Qd2 Nd4
16.Ne2 Nxe2 17.Qxe2 O-O 18.O-O-O Be6 19.Kb1 Rae8 20.g4 Kh8 21.Nf3 f5 22.gxf5 Rxf5
23.h4 Bxa2+ 24.Kxa2 Qf7+ 25.Kb1 Rxf3 26.h5 g5 27.Qd2 h6 28.Qc3+ Qf6 29.Qxc5 b6
30.Qa3 a5 31.Rhg1 Kh7 32.Qa4 Qd6 33.Rde1 Rf4 34.Rgf1 Ref8 35.Rxf4 Rxf4 36.d4 Kg7
37.c3 Qe6 38.d5 cxd5 39.Qd4+ Qf6 40.Qxd5 Rf1 41.Qd7+ Kf8 42.Qc8+ Kg7 43.Qd7+  1/2-1/2

[Event "European Ind w 2012"]
[Site "Gaziantep TUR"]
[Date "2012.03.11"]
[Round "9"]
[White "Mamedjarova,T"]
[Black "Umudova,N"]
[Result "1-0"]
[WhiteElo "2284"]
[BlackElo "2220"]

1.e4 c5 2.Nf3 Nc6 3.Bb5 g6 4.O-O Bg7 5.c3 Nf6 6.e5 Nd5 7.d4 cxd4 8.cxd4 O-O
9.Re1 d6 10.h3 h6 11.a3 Bd7 12.Bd3 dxe5 13.dxe5 Be6 14.Bd2 Nb6 15.Qe2 Qd7
16.Nc3 Rfd8 17.Bb5 a6 18.Be3 Qc7 19.Bxc6 bxc6 20.Bxb6 Qxb6 21.Rac1 Bd5 22.b4 Rab8
23.Nxd5 cxd5 24.Rc5 Rbc8 25.Rec1 Qb7 26.Qd3 e6 27.Nd4 Bf8 28.Rc6 Rxc6 29.Rxc6 Ra8
30.h4 a5 31.b5 Qe7 32.b6 Rb8 33.Rc7 Qxh4 34.b7 Qf4 35.Qe3 Qg4 36.Qf3  1-0

[Event "ch-Moscow Final 2012"]
[Site "Moscow RUS"]
[Date "2012.03.12"]
[Round "3"]
[White "Novikov,St1"]
[Black "Shvedchikov,A"]
[Result "1-0"]
[WhiteElo "2552"]
[BlackElo "2405"]

1.e4 c5 2.Nf3 Nc6 3.Bb5 g6 4.O-O Bg7 5.c3 Nf6 6.e5 Nd5 7.Re1 Nc7 8.a4 O-O
9.d4 cxd4 10.cxd4 d6 11.h3 Nb4 12.Qb3 a5 13.Bc4 dxe5 14.dxe5 Be6 15.Na3 Bxc4
16.Nxc4 Ne6 17.Nxa5 Nc5 18.Qxb4 Nd3 19.Nxb7 Qc7 20.Qc3 Qxc3 21.bxc3 Nxe1
22.Nxe1 Bxe5 23.Bd2 Rfc8 24.Nd3 Bxc3 25.Bxc3 Rxc3 26.Ndc5 Rc8 27.a5 R3xc5
28.Nxc5 Rxc5 29.a6 Rc8 30.f4 Kf8 31.Kf2 Ke8 32.Ke3 Kd7 33.Kd4 Kd6 34.a7 Ra8
35.Ra6+ Kc7 36.Kc5 h6 37.Ra2 e6 38.h4 h5 39.g3 f6 40.Ra5 f5 41.Ra3  1-0

[Event "ch-Moscow Final 2012"]
[Site "Moscow RUS"]
[Date "2012.03.12"]
[Round "3"]
[White "Nikolenko,O"]
[Black "Konovalov,N"]
[Result "1-0"]
[WhiteElo "2532"]
[BlackElo "2424"]

1.e4 c5 2.Nf3 Nc6 3.Bb5 g6 4.Bxc6 dxc6 5.d3 Bg7 6.h3 e5 7.O-O h6 8.Be3 b6
9.a3 a5 10.Nbd2 a4 11.b4 axb3 12.Nxb3 f5 13.a4 Ba6 14.a5 fxe4 15.axb6 exf3
16.Nxc5 fxg2 17.Re1 Qc8 18.Qg4 Qxg4 19.hxg4 Nf6 20.Nxa6 Kd7 21.b7 Rxa6 22.Rxa6 Rb8
23.Rb1  1-0

[Event "Zagreb Open A"]
[Site "Zagreb CRO"]
[Date "2012.03.12"]
[Round "9.12"]
[White "Smith,Bry"]
[Black "Djurovic,G"]
[Result "1-0"]
[WhiteElo "2450"]
[BlackElo "2361"]

1.e4 c5 2.Nf3 Nc6 3.Bb5 e5 4.O-O Nge7 5.c3 a6 6.Bc4 b5 7.Bd5 d6 8.d4 Qc7
9.a4 Rb8 10.axb5 axb5 11.dxc5 dxc5 12.Na3 Ng6 13.c4 bxc4 14.Nxc4 Nd4 15.Ng5 Be6
16.Bxe6 fxe6 17.Qg4 h5 18.Qh3 Qc6 19.Be3 Be7 20.Bxd4 cxd4 21.Nxe6 Qxc4 22.Rfc1 Qb4
23.Nc7+ Kd8 24.Ne6+ Ke8 25.Nc7+ Kd8 26.Na6 Nf4 27.Qf5 Rf8 28.Nxb4 Rxf5 29.Nc6+ Ke8
30.exf5 Rxb2 31.Rcb1 Rc2 32.Nxe5 Bh4 33.g3 Ne2+ 34.Kf1 Bf6 35.Rb7 Rc8 36.Nd7 d3
37.Nxf6+ gxf6 38.Rh7 Nd4 39.Raa7  1-0

[Event "European Ind w 2012"]
[Site "Gaziantep TUR"]
[Date "2012.03.13"]
[Round "11"]
[White "Kharmunova,N"]
[Black "Gvetadze,Sopi"]
[Result "0-1"]
[WhiteElo "2191"]
[BlackElo "2334"]

1.e4 c5 2.Nf3 Nc6 3.Bb5 g6 4.Bxc6 dxc6 5.d3 Bg7 6.Nc3 e5 7.Be3 Qd6 8.Qd2 h6
9.Nh4 Qe7 10.Nf3 Be6 11.b3 O-O-O 12.Qc1 f5 13.a4 a5 14.Qa3 b6 15.Ne2 Qc7
16.Bd2 fxe4 17.dxe4 Nf6 18.Ng3 Bg4 19.Bc3 Bxf3 20.gxf3 Rhf8 21.Qc1 Nh7 22.Bd2 h5
23.Bg5 Rd7 24.Ke2 Rdf7 25.Be3 Rxf3 26.Qf1 R3f7 27.Rd1 Kb8 28.Qg2 Bf6 29.h4 Re8
30.Nf1 Nf8 31.Nd2 Rg7 32.Nc4 Ne6 33.Qf3 Bd8 34.Kd2 Nd4 35.Qg2 g5 36.c3 gxh4
37.Qh3 b5 38.cxd4 cxd4 39.Nb2 dxe3+ 40.Kxe3 Qf7 41.Ke2 Bb6 42.Nd3 Rg4 43.Qf3 Qxf3+
44.Kxf3 Rf8+ 45.Ke2 Rxe4+ 46.Kd2 Rd4 47.Kc2 e4 48.Ne5 Rxf2+ 49.Kb1 Rxd1+
50.Rxd1 e3 51.Nxc6+ Kb7  0-1

[Event "ch-CZE U20 2012"]
[Site "Kouty nad Desnou CZE"]
[Date "2012.03.13"]
[Round "6"]
[White "Seidl,S"]
[Black "Vlasak,Lu"]
[Result "1/2-1/2"]
[WhiteElo "2123"]
[BlackElo "2270"]

1.e4 c5 2.Nf3 Nc6 3.Bb5 e6 4.Nc3 Nge7 5.O-O a6 6.Bxc6 Nxc6 7.d4 cxd4 8.Nxd4 Qc7
9.Re1 d6 10.Bg5 Be7 11.Bxe7 Nxe7 12.Qd2 O-O 13.Rad1 Rd8 14.e5 d5 15.f4 b5
16.a3 Bd7 17.Re3 Qb6 18.Nce2 a5 19.b4 Rdc8 20.c3 Ra7 21.Qd3  1/2-1/2

[Event "ch-Moscow Final 2012"]
[Site "Moscow RUS"]
[Date "2012.03.14"]
[Round "5"]
[White "Popov,Iv RUS"]
[Black "Belous,V"]
[Result "1-0"]
[WhiteElo "2605"]
[BlackElo "2524"]

1.e4 c5 2.Nf3 Nc6 3.Bb5 d6 4.O-O Bd7 5.c3 Nf6 6.Re1 a6 7.Bf1 e5 8.d4 cxd4
9.cxd4 Bg4 10.Be3 exd4 11.Bxd4 Bxf3 12.gxf3 Be7 13.Nc3 Nxd4 14.Qxd4 O-O 15.f4 Qa5
16.Bg2 Rfd8 17.Qe3 Rac8 18.e5 dxe5 19.fxe5 Ng4 20.Qe4 Nh6 21.Nd5 Bf8 22.Rad1 Re8
23.Bh3 Rc6 24.Bd7 Rg6+ 25.Kh1 Rd8 26.e6 fxe6 27.b4 Qxa2 28.Bxe6+ Kh8 29.Nf4 Rxe6
30.Nxe6 Rxd1 31.Rxd1 Qxf2 32.Ng5 Nf5 33.Nh3  1-0

[Event "6th Agzamov Memorial"]
[Site "Tashkent UZB"]
[Date "2012.03.14"]
[Round "9"]
[White "Farid,F"]
[Black "Kvon,A"]
[Result "0-1"]
[WhiteElo "2251"]
[BlackElo "2493"]

1.e4 c5 2.Nf3 Nc6 3.Bb5 Nf6 4.e5 Nd5 5.Nc3 Nxc3 6.bxc3 a6 7.Bc4 e6 8.a4 Qc7
9.Qe2 d5 10.exd6 Bxd6 11.O-O Ne5 12.Nxe5 Bxe5 13.h3 O-O 14.Re1 Bf6 15.Bd3 Bd7
16.Be4 Bc6 17.Qf3 Bxe4 18.Rxe4 Rfd8 19.Rc4 Qb6 20.d3 Rd5 21.a5 Qb5 22.Bd2 Rf5
23.Qd1 Bd8 24.Re4 c4 25.g4 Rc5 26.Be3 Rcc8 27.Rb1 Qxa5 28.Rxb7 Qd5 29.Qb1 cxd3
30.cxd3 Rxc3 31.Rd4 Rc1+ 32.Bxc1 Qxd4 33.Rxf7 Kxf7 34.Qb7+ Be7 35.Qxa8 Qxd3
36.Kg2 Qd5+ 37.Qxd5 exd5 38.f4 a5 39.Kf3 Bd6 40.Ke3 Bc5+ 41.Kd3 a4 42.Bb2 g6
43.Kc3 Ke6 44.Kd3 a3 45.Bc3 Bd6  0-1

[Event "Yerevan Armenia Spring 2012"]
[Site "Yerevan ARM"]
[Date "2012.03.14"]
[Round "6"]
[White "Bakunc,R"]
[Black "Drugov,P"]
[Result "1/2-1/2"]
[WhiteElo "2200"]
[BlackElo "2342"]

1.e4 c5 2.Nf3 Nc6 3.Bb5 g6 4.Bxc6 dxc6 5.d3 Bg7 6.h3 Nf6 7.Nc3 O-O 8.Be3 b6
9.Qd2 Ne8 10.Bh6 Nc7 11.h4 f6 12.h5 g5 13.Bxg7 Kxg7 14.h6+ Kh8 15.O-O-O e5
16.Nh2 Rg8 17.g3 Ne6 18.Ne2 Nd4 19.Nxd4 cxd4 20.f4 Be6 21.fxe5 fxe5 22.Nf3 Qf6
23.Rdf1 Raf8 24.Kb1 g4 25.Nh2 Qe7 26.a3 c5 27.Rxf8 Rxf8 28.Rf1 Rxf1+ 29.Nxf1 Qf6
30.Nh2 Kg8 31.b4 Bd7 32.c4 Kf7 33.b5 Kg6 34.Kc1 Kh5 35.Kd1 Bc8 36.Ke1 a6
37.a4 a5 38.Ke2 Qxh6 39.Qxh6+ Kxh6 40.Nf1 Kg5 41.Kf2 h5 42.Nd2 h4 43.Kg2 Be6
44.Kh2 Bc8  1/2-1/2

[Event "European Ind w Rapid 2012"]
[Site "Gaziantep TUR"]
[Date "2012.03.15"]
[Round "9"]
[White "Bulmaga,I"]
[Black "Ushenina,A"]
[Result "1-0"]
[WhiteElo "2307"]
[BlackElo "2458"]

1.e4 c5 2.Nf3 Nc6 3.Bb5 e6 4.Bxc6 bxc6 5.d3 d5 6.Qe2 Ne7 7.b3 Ng6 8.Bb2 Nf4
9.Qf1 a5 10.g3 dxe4 11.gxf4 exf3 12.Qh3 a4 13.Qxf3 axb3 14.axb3 Rxa1 15.Bxa1 Qd5
16.Nd2 Bd7 17.Bc3 Qxf3 18.Nxf3 f6 19.Ke2 Bd6 20.Ke3 Ke7 21.Rg1 Rg8 22.h4 h6
23.Nd2 Kf7 24.Nc4 Bb8 25.Nd2 Bd6 26.Ra1 Rb8 27.Ne4 Be7 28.Ra7 Ke8 29.h5 f5
30.Be5 Rd8 31.Nd2 c4 32.d4 cxb3 33.Nxb3 Kf8 34.f3 Kf7 35.Bc7 Rc8 36.Bb6 Ke8
37.Bc5 Bf6 38.Bd6 Rd8 39.Nc5 Bc8 40.Be5 Bd7 41.c4 Be7 42.Nxd7 Rxd7 43.Rxd7 Kxd7
44.Bxg7 c5 45.Bxh6 cxd4+ 46.Kxd4 Kc6  1-0

[Event "European Ind w Rapid 2012"]
[Site "Gaziantep TUR"]
[Date "2012.03.16"]
[Round "7"]
[White "Sedina,E"]
[Black "Galojan,L"]
[Result "0-1"]
[WhiteElo "2353"]
[BlackElo "2364"]

1.e4 c5 2.Nf3 Nc6 3.Bb5 e6 4.O-O Nge7 5.Nc3 Qb6 6.d3 a6 7.Bc4 Ng6 8.a3 Be7
9.Be3 Qc7 10.Ba2 b5 11.Ne2 Bb7 12.c3 Nb8 13.Ng3 h5 14.h3 d6 15.Re1 Nd7 16.Qd2 Nde5
17.Qe2 h4 18.Nf1 c4 19.Nxe5 Nxe5 20.dxc4 Nxc4 21.Bf4 g5 22.Bh2 Ne5 23.Nd2 Ng6
24.Rac1 Kf8 25.c4 Qb6 26.Kh1 Kg7 27.f3 Nf4 28.Bxf4 gxf4 29.e5 Rh5 30.exd6 Qxd6
31.Ne4 Qe5 32.Qf2 bxc4 33.Bxc4 Rc8 34.Qa7 Qb8 35.Qd4+ Qe5 36.Qa7 Qb8 37.Qd4+ Qe5
38.Qa7 Rc7 39.Qb6 Qa5 40.Qd4+ Qe5 41.Qb6 a5 42.Bd3 Bd8 43.Qxc7 Bxc7 44.b4 Bb6  0-1

[Event "ch-Moscow Final 2012"]
[Site "Moscow RUS"]
[Date "2012.03.16"]
[Round "7"]
[White "Novikov,St1"]
[Black "Konovalov,N"]
[Result "1-0"]
[WhiteElo "2552"]
[BlackElo "2424"]

1.e4 c5 2.Nf3 Nc6 3.Bb5 e5 4.O-O Bd6 5.Na3 Nge7 6.Nc4 Bc7 7.c3 O-O 8.Bxc6 Nxc6
9.Ne3 Bb6 10.d3 d6 11.Nd2 Be6 12.Ndc4 Ne7 13.Nxb6 Qxb6 14.Nc4 Qa6 15.f4 exf4
16.Bxf4 d5 17.Nd6 Ng6 18.Bg3 dxe4 19.Nxe4 Qc6 20.Qh5 Bd5 21.c4 Bxe4 22.dxe4 Qxe4
23.Qxc5 Rfc8 24.Qd5 Qxd5 25.cxd5 f6 26.Rac1 Kf7 27.Rfe1 Ne7 28.Rcd1 Nf5 29.d6 Re8
30.Rc1 Rxe1+ 31.Bxe1 Nxd6 32.Rc7+ Kg6 33.Rd7 Re8 34.Bf2 Ne4 35.Bxa7 Rc8 36.h3 f5
37.Rxb7 Rc1+ 38.Kh2 f4 39.Bd4 Rd1 40.Rxg7+ Kh6 41.Be5 Nf2 42.g4 Nd3 43.Bc3 f3
44.Kg3 f2 45.Kh4 Rg1 46.g5+ Rxg5 47.Rxg5  1-0

[Event "e2e4 High Wycombe Open"]
[Site "High Wycombe ENG"]
[Date "2012.03.17"]
[Round "3"]
[White "Wells,P"]
[Black "Cairns,Stephen"]
[Result "1-0"]
[WhiteElo "2499"]
[BlackElo "2098"]

1.e4 c5 2.Nf3 Nc6 3.Bb5 g6 4.O-O Bg7 5.c3 Nf6 6.Re1 O-O 7.d4 d5 8.e5 Ne4
9.Bxc6 bxc6 10.Nbd2 Nxd2 11.Nxd2 cxd4 12.cxd4 c5 13.dxc5 Qc7 14.Nf3 Qxc5
15.Bg5 Re8 16.Qd2 Rb8 17.b3 Bb7 18.Rac1 Qb6 19.Be3 Qa6 20.Bh6 Rbc8 21.Bxg7 Kxg7
22.h4 Rc6 23.h5 Rec8 24.Rxc6 Qxc6 25.Qg5 Rc7 26.Nd4 Qc3 27.Rd1 Bc8 28.e6 f6
29.Qg4 Rc6 30.Nf5+ Kf8 31.hxg6 hxg6 32.Qh4  1-0

[Event "ch-Moscow Final 2012"]
[Site "Moscow RUS"]
[Date "2012.03.18"]
[Round "9"]
[White "Nikolenko,O"]
[Black "Belous,V"]
[Result "1-0"]
[WhiteElo "2532"]
[BlackElo "2524"]

1.e4 c5 2.Nf3 Nc6 3.Bb5 d6 4.Bxc6+ bxc6 5.O-O e5 6.c3 Nf6 7.Re1 Bg4 8.h3 Bxf3
9.Qxf3 Be7 10.d3 O-O 11.Nd2 Ne8 12.Nc4 Nc7 13.b4 cxb4 14.cxb4 Qd7 15.Qg4 Qxg4
16.hxg4 d5 17.Nxe5 Bxb4 18.Re2 dxe4 19.Rxe4 Bc3 20.Rb1 Rab8 21.Rxb8 Rxb8
22.Be3 Bxe5 23.Rxe5 Nd5 24.Bxa7 Ra8 25.Bc5 f6 26.Re2 Nc3 27.Re6 Rxa2 28.Rxc6 Ne2+
29.Kh2 Rc2 30.Rc8+ Kf7 31.Rf8+ Ke6 32.Re8+ Kd5 33.Be3 Rc7 34.Bb6 Rc2 35.Re7 Nf4
36.Rxg7 Nxd3 37.Rd7+ Kc4 38.Rxh7 Rb2 39.Rc7+ Kd5 40.Rd7+ Kc4 41.Rd4+ Kc3
42.Rd6  1-0

[Event "1st Lanta Open 2012"]
[Site "Koh Lanta Island THA"]
[Date "2012.03.22"]
[Round "1"]
[White "Thanatipanonda,Thotsaporn"]
[Black "Bettman,J"]
[Result "0-1"]
[WhiteElo "2101"]
[BlackElo "1889"]

1.e4 c5 2.Nf3 Nc6 3.Bb5 Nf6 4.e5 Nd5 5.O-O g6 6.Re1 Bg7 7.Nc3 Nc7 8.Bc4 O-O
9.d3 Na5 10.Bg5 h6 11.Bh4 b5 12.Nxb5 Nxb5 13.Bxb5 Qb6 14.c4 g5 15.Bg3 e6
16.Rb1 a6 17.Ba4 Bb7 18.Bc2 Nc6 19.h4 g4 20.Nd2 Nd4 21.Ne4 Kh8 22.Ba4 d5
23.Nf6 Bxf6 24.exf6 Rg8 25.Qd2 Rg6 26.Be5 Rd8 27.Qf4 Qb4 28.Bxd4 cxd4 29.Qc7 Rdg8
30.Qxf7 dxc4 31.dxc4 d3 32.Rxe6 g3 33.f3 Bxf3 34.Rf1 Qc5+ 35.Kh1 Qf2 36.Rg1 Bxg2+
37.Rxg2 Qf1+  0-1